Techno-Economic Challenges and Policy Implications of High Solar PV Penetration in Pakistan / (Record no. 615541)

000 -LEADER
fixed length control field 00503nam a22001577a 4500
082 ## - DEWEY DECIMAL CLASSIFICATION NUMBER
Classification number 621.11
Author Mark SAL
100 ## - MAIN ENTRY--PERSONAL NAME
Personal name Salal, Ahmad (362944)
245 ## - TITLE STATEMENT
Title Techno-Economic Challenges and Policy Implications of High Solar PV Penetration in Pakistan /
264 ## - PRODUCTION, PUBLICATION, DISTRIBUTION, MANUFACTURE, AND COPYRIGHT NOTICE
Place of production, publication, distribution, manufacture Islamabad :
Name of producer, publisher, distributor, manufacturer USPCAS-E, NUST
Date of production, publication, distribution, manufacture, or copyright notice August, 2025
300 ## - PHYSICAL DESCRIPTION
Extent xiii, 41 p.
Accompanying material +CD
520 ## - SUMMARY, ETC.
Summary, etc. TH-650
650 ## - SUBJECT ADDED ENTRY--TOPICAL TERM
Topical term or geographic name entry element MS ESE Thesis
650 ## - SUBJECT ADDED ENTRY--TOPICAL TERM
Topical term or geographic name entry element MS Thesis
700 ## - ADDED ENTRY--PERSONAL NAME
Personal name Supervisor : Dr. abeera Ayaz Ansari
942 ## - ADDED ENTRY ELEMENTS (KOHA)
Source of classification or shelving scheme
Koha item type Thesis
Holdings
Withdrawn status Permanent Location Current Location Date acquired Full call number Barcode Koha item type
  US-Pakistan Center for Advanced Studies in Energy (USPCAS-E) US-Pakistan Center for Advanced Studies in Energy (USPCAS-E) 12/16/2025 621.11 SAL CAS-ETH0000650 Thesis
© 2023 Central Library, National University of Sciences and Technology. All Rights Reserved.